[Event "Int. Stuttgarter Stadtmeisterschaft B"]
[Site "Ditzingen"]
[Date "2014.05.30"]
[Round "5.3"]
[White "Kozina, Vinko"]
[Black "Jantos, Stefan"]
[Result "0-1"]
[WhiteElo "1842"]
[BlackElo "1840"]
[PlyCount "125"]
[EventDate "2014.??.??"]
[WhiteTeam "TSV/RSK Esslingen"]
[BlackTeam "SF Oeffingen e.V."]

1. e4 d5 2. exd5 Nf6 3. Nc3 Nxd5 4. Bc4 Nb6 5. Bb3 Nc6 6. Nf3 e6 7. d4 Be7 8.
Ne4 Na5 9. O-O Nxb3 10. axb3 Bd7 11. Ne5 O-O 12. f4 Be8 13. c4 Nd7 14. Be3 Nf6
15. Nxf6+ Bxf6 16. Rf3 Qd6 17. Rh3 g6 18. g4 Bg7 19. g5 f6 20. gxf6 Rxf6 21.
Qg4 Rf5 22. Rd1 c6 23. Qg3 Rd8 24. Re1 b6 25. Qh4 Rh5 26. Qg3 Rf5 27. Qh4 Rh5
28. Qg3 Rxh3 29. Qxh3 c5 30. dxc5 bxc5 31. Bf2 Rb8 32. Qe3 Bh6 33. Bg3 Bg7 34.
Bf2 Bh6 35. Bg3 Qd4 36. Ng4 Bg7 37. Ne5 Rxb3 38. Qxd4 cxd4 39. Re2 d3 40. Rd2
Bxe5 41. fxe5 Bc6 42. Bf2 a5 43. Bd4 a4 44. Bc5 Be4 45. Kf2 Kf7 46. Ke3 Bf5 47.
Ba3 g5 48. Rd1 Rb7 49. c5 Rc7 50. Rc1 Rc6 51. Rc4 h5 52. Rxa4 g4 53. b4 h4 54.
b5 Rc8 55. Bb4 g3 56. hxg3 h3 57. Ra2 Rd8 58. Rf2 Ke8 59. c6 d2 60. Bxd2 Rd3+
61. Ke2 Kd8 62. b6 Kc8 63. Bb4 {Rest unbekannt.} 0-1

[Event "Int. Stuttgarter Stadtmeisterschaft B"]
[Site "Ditzingen"]
[Date "2014.05.30"]
[Round "5.4"]
[White "Schreiber, Stephan"]
[Black "Bried, Martin"]
[Result "1/2-1/2"]
[WhiteElo "1779"]
[BlackElo "1820"]
[PlyCount "84"]
[EventDate "2014.??.??"]
[WhiteTeam "SC Schachmatt Botnang"]
[BlackTeam "SpVgg Rommelshausen"]

1. d4 e6 2. Bf4 Nf6 3. e3 c5 4. c3 Nc6 5. Bd3 d5 6. h3 cxd4 7. exd4 Bd6 8. Bxd6
Qxd6 9. Nf3 O-O 10. O-O e5 11. dxe5 Nxe5 12. Nxe5 Qxe5 13. Re1 Qc7 14. Nd2 b6
15. Nf3 Bb7 16. Nd4 Rae8 17. Qd2 Ne4 18. Qc2 Qf4 19. Re2 Ng5 20. Rae1 Rxe2 21.
Qxe2 g6 22. Qe7 Qd2 23. Qe3 Qxe3 24. Rxe3 Ne4 25. f3 Nd6 26. Nb5 Nxb5 27. Bxb5
a6 28. Re7 Bc8 29. Bc6 Rd8 30. Re8+ Rxe8 31. Bxe8 Kf8 32. Bc6 Be6 33. Kf2 Ke7
34. Bb7 a5 35. Ke3 Kd6 36. Kd4 f6 37. f4 f5 38. a4 Bd7 39. b3 Bc6 40. Bxc6 Kxc6
41. b4 Kd6 42. bxa5 bxa5 1/2-1/2

[Event "Int. Stuttgarter Stadtmeisterschaft B"]
[Site "Ditzingen"]
[Date "2014.05.30"]
[Round "5.5"]
[White "Mavropoulos, Georgios"]
[Black "Notz, Lukas"]
[Result "1/2-1/2"]
[WhiteElo "1886"]
[BlackElo "1743"]
[PlyCount "32"]
[EventDate "2014.??.??"]
[WhiteTeam "DJK Stuttgart-Süd"]
[BlackTeam "SV Dettingen Erms"]

1. e4 c6 2. d4 d5 3. f3 dxe4 4. fxe4 e5 5. Nf3 exd4 6. Qxd4 Qxd4 7. Nxd4 Bc5 8.
Nb3 Bb6 9. Bg5 Be6 10. Nc3 Nd7 11. O-O-O Ngf6 12. Be2 O-O 13. h3 h6 14. Bf4
Rfe8 15. Bf3 g5 16. Bd6 Bxb3 1/2-1/2

[Event "Int. Stuttgarter Stadtmeisterschaft B"]
[Site "Ditzingen"]
[Date "2014.05.30"]
[Round "5.6"]
[White "Issaad, Pascal"]
[Black "Narr, Matthias"]
[Result "1-0"]
[WhiteElo "1864"]
[BlackElo "1743"]
[PlyCount "67"]
[EventDate "2014.??.??"]
[WhiteTeam "SV Stuttgart-Wolfbusch 1956 e.V."]
[BlackTeam "SR Heuberg-Gosheim"]

1. Nf3 f5 2. g3 Nf6 3. Bg2 e6 4. O-O Be7 5. d3 d6 6. Nbd2 Nc6 7. c3 e5 8. b4
Nh5 9. b5 Nb8 10. e4 Nf6 11. Qb3 fxe4 12. Nxe4 Nxe4 13. dxe4 Qd7 14. Be3 Qe6
15. Rfd1 Qxb3 16. axb3 b6 17. Rd2 Be6 18. c4 a5 19. Bf1 c5 20. Bg5 Ra7 21. Bxe7
Kxe7 22. Ng5 h6 23. Nxe6 Kxe6 24. Rad1 Rd8 25. f4 Rf7 26. Bh3+ Ke7 27. fxe5 Rf3
28. exd6+ Ke8 29. e5 Nd7 30. e6 Ne5 31. Bg2 Rf6 32. Bc6+ Nxc6 33. bxc6 Rxe6 34.
c7 1-0

[Event "Int. Stuttgarter Stadtmeisterschaft B"]
[Site "Ditzingen"]
[Date "2014.05.30"]
[Round "5.8"]
[White "Pietzka, Martin"]
[Black "Ziegler, Michael"]
[Result "0-1"]
[WhiteElo "1805"]
[BlackElo "1722"]
[PlyCount "78"]
[EventDate "2014.??.??"]
[WhiteTeam "SV Nürtingen 1920"]
[BlackTeam "SF 59 Kornwestheim"]

1. e4 c5 2. Nf3 d6 3. Bb5+ Bd7 4. Bxd7+ Nxd7 5. O-O Ngf6 6. Re1 g6 7. c3 Bg7 8.
d4 O-O 9. h3 cxd4 10. cxd4 Rc8 11. Nc3 a6 12. Bf4 Qb6 13. Qd2 Qa5 14. a3 Rc4
15. Bh2 Rfc8 16. e5 Ne8 17. exd6 exd6 18. Re7 Qd8 19. Rae1 Nef6 20. R7e2 Nf8
21. Bf4 Ne6 22. Bh6 Bxh6 23. Qxh6 Qf8 24. Qxf8+ Kxf8 25. d5 Nf4 26. Re7 Nd3 27.
R1e3 Nxb2 28. Ng5 R4c7 29. Rxc7 Rxc7 30. Nf3 Nc4 31. Rd3 Nxa3 32. Nd4 Nb1 33.
Nde2 Nxc3 34. Nxc3 b5 35. Kh2 b4 36. Na4 a5 37. g4 Nd7 38. Rd1 Rc2 39. Kg2 Ra2
{Zeitüberschreitung.} 0-1

[Event "Int. Stuttgarter Stadtmeisterschaft B"]
[Site "Ditzingen"]
[Date "2014.05.30"]
[Round "5.9"]
[White "Merk, Daniel"]
[Black "Piskaykin, Bogdan"]
[Result "0-1"]
[WhiteElo "1677"]
[BlackElo "1672"]
[PlyCount "78"]
[EventDate "2014.??.??"]
[WhiteTeam "Schach-Pinguine Murrhardt e.V."]
[BlackTeam "SV Friedrichshafen"]

1. d4 d6 2. c4 g6 3. Nc3 Bg7 4. e4 e5 5. d5 a5 6. f3 Na6 7. Be3 Bd7 8. Bd3 Ne7
9. Nge2 O-O 10. O-O f5 11. exf5 gxf5 12. Bg5 Qe8 13. Ng3 h6 14. Bxe7 Qxe7 15.
Qb1 Qg5 16. Qc1 Qxc1 17. Raxc1 Nc5 18. Be2 Be8 19. a3 a4 20. Rcd1 Bg6 21. Bd3
h5 22. Rfe1 h4 23. Nh1 Rae8 24. Nf2 Bh5 25. Rb1 Bh6 26. Bc2 Ra8 27. Nb5 Rf7 28.
Nd3 Nxd3 29. Bxd3 h3 30. Rf1 Be3+ 31. Kh1 hxg2+ 32. Kxg2 Kh8 33. Bc2 Rg8+ 34.
Kh1 Rfg7 35. h3 Rg1+ 36. Rxg1 Bxf3+ 37. Kh2 Bf4+ 38. Rg3 Rxg3 39. Rf1 Rg5# 0-1

[Event "Int. Stuttgarter Stadtmeisterschaft B"]
[Site "Ditzingen"]
[Date "2014.05.30"]
[Round "5.10"]
[White "Graf, Maximilian"]
[Black "Günay, Nuri"]
[Result "1-0"]
[WhiteElo "1796"]
[BlackElo "1611"]
[PlyCount "63"]
[EventDate "2014.??.??"]
[WhiteTeam "SK e4 Gerlingen"]
[BlackTeam "SK Sachsenheim"]

1. e4 e6 2. d4 d5 3. Nc3 Bb4 4. e5 c5 5. a3 Bxc3+ 6. bxc3 Ne7 7. Nf3 Qa5 8. Bd2
c4 9. h4 Bd7 10. h5 h6 11. g4 f6 12. exf6 gxf6 13. Nh4 Nbc6 14. Ng6 Rh7 15. Qf3
Ng8 16. Bg2 O-O-O 17. O-O Be8 18. Qe2 Bf7 19. f4 Re8 20. Rfe1 Nge7 21. Nh4 f5
22. Bh3 Rg8 23. Kh1 fxg4 24. Bxg4 Nd8 25. f5 Rhg7 26. Ng6 Nxf5 27. Bxf5 exf5
28. Ne7+ Kb8 29. Nxg8 Rxg8 30. Qe5+ Ka8 31. Qxf5 Qa6 32. Qc8# 1-0

[Event "Int. Stuttgarter Stadtmeisterschaft B"]
[Site "Ditzingen"]
[Date "2014.05.30"]
[Round "5.11"]
[White "Kußmann, Alexander"]
[Black "Hahn, Lilli"]
[Result "0-1"]
[WhiteElo "1657"]
[BlackElo "1773"]
[PlyCount "64"]
[EventDate "2014.??.??"]
[WhiteTeam "SC Aidlingen"]
[BlackTeam "SV Balingen"]

1. e3 d5 2. c4 e6 3. cxd5 exd5 4. Nf3 Nf6 5. Nc3 c6 6. d4 Nbd7 7. Bd3 Bd6 8.
O-O O-O 9. e4 dxe4 10. Nxe4 Nxe4 11. Bxe4 Qc7 12. Bc2 h6 13. Qd3 Nf6 14. Re1
Bg4 15. Ne5 Bh5 16. h3 Rad8 17. Qg3 Kh8 18. Bd2 Bxe5 19. Rxe5 Rxd4 20. Bc3 Rd5
21. Rae1 Rxe5 22. Bxe5 Qa5 23. Bc3 Qd8 24. Qh4 Bg6 25. Rd1 Qe7 26. Re1 Qd6 27.
Bb3 Kg8 28. Rd1 Qe7 29. g4 Re8 30. g5 hxg5 31. Qxg5 Nd5 32. Qxg6 fxg6 0-1

[Event "Int. Stuttgarter Stadtmeisterschaft B"]
[Site "Ditzingen"]
[Date "2014.05.30"]
[Round "5.12"]
[White "Michna, Marcus"]
[Black "Petzelberger, Ferdinand"]
[Result "1/2-1/2"]
[WhiteElo "1774"]
[BlackElo "1591"]
[PlyCount "57"]
[EventDate "2014.??.??"]
[WhiteTeam "TSF Ditzingen"]
[BlackTeam "VfL Sindelfingen"]

1. d4 Nf6 2. c4 g6 3. Nc3 Bg7 4. e4 d6 5. f3 O-O 6. Be3 c6 7. Qd2 a6 8. Bd3 b5
9. Nge2 Nbd7 10. O-O e5 11. d5 cxd5 12. Nxd5 Nxd5 13. cxd5 Nc5 14. Rfc1 Qe7 15.
b4 Nxd3 16. Qxd3 Bb7 17. Rc2 Rac8 18. Rac1 Qd7 19. Bb6 Rxc2 20. Rxc2 Rc8 21.
Qd2 Kf8 22. Be3 Rxc2 23. Qxc2 Qc8 24. Qxc8+ Bxc8 25. Nc3 Ke8 26. Kf2 f5 27. h3
Bf6 28. a4 Bd7 29. axb5 1/2-1/2

[Event "Int. Stuttgarter Stadtmeisterschaft B"]
[Site "Ditzingen"]
[Date "2014.05.30"]
[Round "5.13"]
[White "Vogel, Karlheinz"]
[Black "Lehmann, Stefan"]
[Result "1-0"]
[WhiteElo "1706"]
[BlackElo "1866"]
[PlyCount "81"]
[EventDate "2014.??.??"]
[WhiteTeam "SV 23 Böckingen"]
[BlackTeam "Ssg Fils-Lauter e. V."]

1. d4 Nf6 2. c4 g6 3. f3 Bg7 4. e4 d6 5. Nc3 O-O 6. Be3 e5 7. d5 Na6 8. Nge2 c6
9. Qd2 cxd5 10. Nxd5 Nxd5 11. cxd5 f5 12. Nc3 fxe4 13. Bxa6 bxa6 14. Nxe4 Bf5
15. O-O Qd7 16. Rfc1 Rfc8 17. Qa5 Rcb8 18. b3 Rb5 19. Qd2 Rd8 20. Rc6 Qf7 21.
Rxd6 Rxd6 22. Nxd6 Rxd5 23. Nxf7 Rxd2 24. Bxd2 Kxf7 25. Re1 Ke6 26. Be3 Kd5 27.
Bxa7 e4 28. g4 Bd7 29. fxe4+ Ke6 30. Kf2 Be5 31. h3 Bf6 32. Kf3 Be5 33. Rd1 Bb5
34. Be3 Bc6 35. Bf4 Bxf4 36. Kxf4 Bb5 37. e5 Be2 38. Rd2 Bb5 39. a4 Be8 40.
Rd6+ Kf7 41. Rxa6 1-0

[Event "Int. Stuttgarter Stadtmeisterschaft B"]
[Site "Ditzingen"]
[Date "2014.05.30"]
[Round "5.14"]
[White "Wezel, Sebastian"]
[Black "Peters, Theresa"]
[Result "0-1"]
[WhiteElo "1843"]
[BlackElo "1636"]
[PlyCount "68"]
[EventDate "2014.??.??"]
[WhiteTeam "SV Dettingen Erms"]
[BlackTeam "SC Hechingen"]

1. d4 Nf6 2. Nf3 g6 3. c4 Bg7 4. Nc3 O-O 5. e4 d6 6. Be2 e5 7. O-O Nc6 8. d5
Ne7 9. Ne1 Nd7 10. Nd3 f5 11. Bd2 f4 12. Bg4 Kh8 13. f3 Nf6 14. Bxc8 Rxc8 15.
b4 g5 16. a4 h5 17. a5 Rg8 18. a6 b6 19. Nb5 Ra8 20. c5 g4 21. Rc1 Qd7 22. Na3
Bh6 23. Kh1 Rg6 24. Rg1 Rag8 25. Qe2 h4 26. cxd6 cxd6 27. b5 Nc8 28. Bb4 Bf8
29. Qc2 Ne7 30. Nb2 Nh5 31. Qc7 Qxc7 32. Rxc7 gxf3 33. h3 f2 34. Rf1 Rxg2 0-1

[Event "Int. Stuttgarter Stadtmeisterschaft B"]
[Site "Ditzingen"]
[Date "2014.05.30"]
[Round "5.15"]
[White "Lechler, Walter"]
[Black "Reichardt, Bernd"]
[Result "1/2-1/2"]
[WhiteElo "1561"]
[BlackElo "1759"]
[PlyCount "55"]
[EventDate "2014.??.??"]
[WhiteTeam "SK Dinkelsbühl e.V."]
[BlackTeam "SF Markgräflerland e."]

1. e4 e6 2. d4 d5 3. Nd2 Nf6 4. e5 Nfd7 5. Bd3 c5 6. c3 Nc6 7. Ne2 cxd4 8. cxd4
f6 9. exf6 Nxf6 10. Nf3 Bd6 11. O-O e5 12. dxe5 Nxe5 13. Nxe5 Bxe5 14. Bb5+ Bd7
15. Bxd7+ Qxd7 16. Nd4 Bxd4 17. Qxd4 O-O 18. Bd2 b6 19. Rac1 Rac8 20. b3 Rxc1
21. Rxc1 Rc8 22. Rxc8+ Qxc8 23. Qd3 Qc6 24. h3 Ne4 25. Be3 a5 26. Qa6 Nc5 27.
Qa7 Nd7 28. g3 1/2-1/2

[Event "Int. Stuttgarter Stadtmeisterschaft B"]
[Site "Ditzingen"]
[Date "2014.05.30"]
[Round "5.16"]
[White "Hamm, Julian"]
[Black "Gheng, Dominik"]
[Result "1-0"]
[WhiteElo "1743"]
[BlackElo "1556"]
[PlyCount "65"]
[EventDate "2014.??.??"]
[WhiteTeam "Mönchfelder SV 1967"]
[BlackTeam "Schach-Kids Bernhausen e.V."]

1. c4 e6 2. d4 d5 3. Nc3 Nf6 4. e3 Be7 5. Bd2 b6 6. Nf3 O-O 7. Bd3 Bb7 8. O-O
Nbd7 9. cxd5 exd5 10. Rc1 c5 11. b3 Ne4 12. Qc2 Nxd2 13. Bxh7+ Kh8 14. Nxd2 g6
15. Bxg6 fxg6 16. Qxg6 Nf6 17. Nf3 Rg8 18. Qh6+ Nh7 19. Ne5 Qe8 20. f4 Bf8 21.
Qh3 Bc8 22. Qf3 Nf6 23. Kh1 Be6 24. h3 Qh5 25. f5 Bxf5 26. Qxf5 Qxf5 27. Rxf5
cxd4 28. exd4 Ne4 29. Nxe4 dxe4 30. Re1 Rc8 31. Rxe4 Rc1+ 32. Kh2 Rg7 33. Rxf8+
1-0

[Event "Int. Stuttgarter Stadtmeisterschaft B"]
[Site "Ditzingen"]
[Date "2014.05.30"]
[Round "5.17"]
[White "Bauer, Dieter"]
[Black "Sax, Leon"]
[Result "1-0"]
[WhiteElo "1733"]
[BlackElo "1475"]
[PlyCount "91"]
[EventDate "2014.??.??"]
[WhiteTeam "SF 47 Neckartenzlingen"]
[BlackTeam "SK Sachsenheim"]

1. d4 d5 2. e3 e6 3. Bd3 Nf6 4. Nd2 c5 5. c3 Nc6 6. f4 Bd7 7. Ngf3 Rc8 8. O-O
Qb6 9. Qe2 cxd4 10. exd4 Bd6 11. g3 O-O 12. Kg2 Qc7 13. Ne5 g6 14. Ndf3 Bxe5
15. fxe5 Nh5 16. Bh6 Ng7 17. Rae1 Rfe8 18. Qf2 Nf5 19. Bg5 h6 20. Bc1 Kh7 21.
Qd2 Rh8 22. g4 Ng7 23. Qxh6+ Kg8 24. Qf4 Be8 25. Qg3 Qd7 26. Bg5 Nd8 27. Bc1
Qa4 28. a3 Bb5 29. Bxb5 Qxb5 30. Ng5 Rc7 31. Qf3 Qb6 32. Re2 Qb5 33. Ref2 Qe8
34. Qg3 Qc6 35. Qd3 Qe8 36. Qf3 a6 37. Bf4 b5 38. Qd3 Qe7 39. Bc1 Qe8 40. Qg3
Re7 41. Nf3 Rc7 42. Bg5 Nc6 43. Bf6 Qd7 44. Ng5 Qe8 45. Qf3 Nf5 46. gxf5 1-0

[Event "Int. Stuttgarter Stadtmeisterschaft B"]
[Site "Ditzingen"]
[Date "2014.05.30"]
[Round "5.18"]
[White "Debeljak, Anton"]
[Black "Kusch, Jacek"]
[Result "1-0"]
[WhiteElo "1637"]
[BlackElo "1720"]
[PlyCount "95"]
[EventDate "2014.??.??"]
[BlackTeam "SV Urach"]

1. e4 e6 2. Nc3 Nc6 3. d4 d5 4. e5 Nge7 5. Bg5 h6 6. Bh4 g5 7. Bg3 Ng6 8. Bb5
Bd7 9. Nge2 a6 10. Bd3 Qe7 11. a3 O-O-O 12. b4 Na7 13. O-O h5 14. f4 g4 15. f5
h4 16. fxg6 hxg3 17. Nxg3 fxg6 18. Qxg4 Bh6 19. Rf3 Bd2 20. Nce2 g5 21. Nf1 Rh4
22. Qg3 g4 23. Rf6 Bg5 24. Qf2 Rdh8 25. Rf7 Qd8 26. Neg3 Qg8 27. Rxd7 Kxd7 28.
c4 c6 29. cxd5 cxd5 30. Qc2 Rxh2 31. Nxh2 Be3+ 32. Kh1 Rxh2+ 33. Kxh2 Qg5 34.
Nf5 g3+ 35. Kh3 Bf4 36. Nh4 Qh6 37. Qe2 Nc6 38. Qg4 Ne7 39. Rf1 Bg5 40. Kxg3
Bxh4+ 41. Qxh4 Qe3+ 42. Rf3 Qe1+ 43. Kg4 Qg1 44. Qf2 Qc1 45. Qe3 Qc8 46. Qg5
Qe8 47. Qg7 Kc6 48. Rf7 1-0

[Event "Int. Stuttgarter Stadtmeisterschaft B"]
[Site "Ditzingen"]
[Date "2014.05.30"]
[Round "5.19"]
[White "Schmidt, Heiko"]
[Black "Häfele, Torsten"]
[Result "0-1"]
[WhiteElo "1578"]
[BlackElo "1855"]
[PlyCount "72"]
[EventDate "2014.??.??"]
[WhiteTeam "SC Stetten a.d.F."]
[BlackTeam "SVG Vaihingen/Enz"]

1. d4 f5 2. Nf3 Nf6 3. Bf4 d6 4. e3 g6 5. Be2 Bg7 6. c4 O-O 7. Nc3 Qe8 8. Nd2
a5 9. Rc1 h6 10. h3 Na6 11. c5 e5 12. dxe5 dxe5 13. Bxa6 exf4 14. Bc4+ Kh7 15.
Qf3 fxe3 16. fxe3 Nd7 17. O-O Ne5 18. Qe2 Nxc4 19. Nxc4 Qe7 20. Nb5 Ra6 21. b3
Re6 22. Kh1 f4 23. Rf3 Qxc5 24. Nba3 b5 25. Nxb5 Qxb5 26. Qc2 Bb7 27. Rxf4 Rxf4
28. exf4 Qe8 29. Ne5 Bxe5 30. fxe5 Rxe5 31. Qxc7+ Re7 32. Qxa5 Re2 33. Rc7+ Re7
34. Rc2 Re1+ 35. Kh2 Qb8+ 36. g3 Rh1# 0-1

[Event "Int. Stuttgarter Stadtmeisterschaft B"]
[Site "Ditzingen"]
[Date "2014.05.30"]
[Round "5.20"]
[White "Bannach, Joerg"]
[Black "Kobald, Matthias"]
[Result "0-1"]
[WhiteElo "1863"]
[BlackElo "1732"]
[PlyCount "48"]
[EventDate "2014.??.??"]
[WhiteTeam "SF Augsburg"]
[BlackTeam "SV Stuttgart-Wolfbusch 1956 e.V."]

1. e4 e5 2. Bc4 Nc6 3. Nf3 Nf6 4. d4 exd4 5. e5 d5 6. Bb5 Ne4 7. Nxd4 Bd7 8.
Nxc6 bxc6 9. Ba4 Bc5 10. O-O Qh4 11. Qf3 O-O 12. Be3 Bg4 13. Qf4 g5 14. Qxe4
dxe4 15. Bxc5 Rfd8 16. Bxc6 Rab8 17. b4 Bf5 18. a3 Qf4 19. Bxa7 Qxe5 20. c3 Rd6
21. Bxb8 Rxc6 22. Ra2 Ra6 23. Rd2 e3 24. Re2 Qb5 0-1

[Event "Int. Stuttgarter Stadtmeisterschaft B"]
[Site "Ditzingen"]
[Date "2014.05.30"]
[Round "5.21"]
[White "Winkler, Tim"]
[Black "Triantafillidis, Zoe"]
[Result "1-0"]
[WhiteElo "1827"]
[BlackElo "1721"]
[PlyCount "65"]
[EventDate "2014.??.??"]
[WhiteTeam "SF Deizisau"]
[BlackTeam "SF HN-Biberach 1978 e.V."]

1. e4 c6 2. d4 d5 3. exd5 cxd5 4. Bd3 Nc6 5. Nf3 Bg4 6. c3 Nf6 7. h3 Bh5 8. Bf4
e6 9. Nbd2 Bd6 10. Bxd6 Qxd6 11. O-O O-O 12. Re1 Rac8 13. a3 Nd7 14. Qc2 Bg6
15. Bxg6 hxg6 16. Rad1 Na5 17. Ne5 Nxe5 18. Rxe5 Nc4 19. Nxc4 Rxc4 20. h4 f6
21. Re3 f5 22. Rde1 Rc6 23. Qe2 Kf7 24. g4 Rh8 25. gxf5 gxf5 26. h5 Qe7 27. Rg3
Qd6 28. Kg2 Qf4 29. Rh1 Rb6 30. f3 Rh6 31. Kf2 Kf6 32. Rhg1 Qh4 33. Qe5+ 1-0

[Event "Int. Stuttgarter Stadtmeisterschaft B"]
[Site "Ditzingen"]
[Date "2014.05.30"]
[Round "5.22"]
[White "Pudmensky, Stefan"]
[Black "Goda, Frederic"]
[Result "0-1"]
[WhiteElo "1829"]
[BlackElo "1718"]
[PlyCount "56"]
[EventDate "2014.??.??"]
[WhiteTeam "SF Oeffingen e.V."]
[BlackTeam "SC Weiße Dame Ulm e.V."]

1. d4 Nf6 2. Nf3 e6 3. c4 d5 4. Nc3 Be7 5. Bg5 h6 6. Bh4 O-O 7. e3 Ne4 8. Bxe7
Qxe7 9. Nxe4 dxe4 10. Nd2 e5 11. d5 Bf5 12. g3 Bg6 13. Bg2 f5 14. O-O Nd7 15.
Qc2 Bh5 16. Nb3 Bf3 17. Rfe1 Qg5 18. Nd2 Bxg2 19. Kxg2 Nc5 20. h4 Qg6 21. Nb3
Nd3 22. Rf1 f4 23. Rad1 f3+ 24. Kh2 Nf4 25. exf4 Rxf4 26. Rg1 Qh5 27. Kh3 g5
28. Qxe4 Rxe4 0-1

[Event "Int. Stuttgarter Stadtmeisterschaft B"]
[Site "Ditzingen"]
[Date "2014.05.30"]
[Round "5.23"]
[White "Fuchs, Egbert"]
[Black "Pocrnic, Josip"]
[Result "1-0"]
[WhiteElo "1692"]
[BlackElo "1805"]
[PlyCount "73"]
[EventDate "2014.??.??"]
[WhiteTeam "SVG Vaihingen/Enz"]
[BlackTeam "SF 1954 Conweiler e.V."]

1. e4 Nf6 2. e5 Nd5 3. c4 Nb6 4. d4 d6 5. exd6 cxd6 6. Nc3 g6 7. Be3 Bg7 8. Rc1
O-O 9. Be2 Nc6 10. h3 Bf5 11. Nf3 Rc8 12. O-O h5 13. d5 Ne5 14. b3 Nxf3+ 15.
Bxf3 a6 16. Re1 Re8 17. Qe2 Na8 18. Bg5 f6 19. Be3 Rc7 20. Bf4 g5 21. Bh2 h4
22. Bh5 Rf8 23. Qf3 Bd7 24. Qe4 Be8 25. Bd1 Bf7 26. Qf5 Re8 27. Bg4 Nb6 28. Re3
Nd7 29. Rce1 Ne5 30. Bxe5 dxe5 31. Rd1 b6 32. Red3 Ra7 33. Qf3 Kh8 34. Bf5 Qb8
35. Ne4 Rf8 36. d6 e6 37. d7 1-0

[Event "Int. Stuttgarter Stadtmeisterschaft B"]
[Site "Ditzingen"]
[Date "2014.05.30"]
[Round "5.24"]
[White "Rieder, Josef"]
[Black "Tsybulevsky, Juri"]
[Result "1-0"]
[WhiteElo "1803"]
[BlackElo "1676"]
[PlyCount "107"]
[EventDate "2014.??.??"]
[WhiteTeam "Stuttgarter SF 1879"]
[BlackTeam "Stuttgarter SF 1879"]

1. e4 Nc6 2. d4 d5 3. e5 Bf5 4. c3 e6 5. Nf3 h6 6. Bd3 Nge7 7. Na3 a6 8. O-O b5
9. Nc2 Na5 10. Ne3 Bxd3 11. Qxd3 Nc4 12. b3 Nb6 13. Ba3 Ng6 14. Bxf8 Nxf8 15.
c4 bxc4 16. bxc4 dxc4 17. Nxc4 Nxc4 18. Qxc4 Qd5 19. Qxc7 Nd7 20. Rac1 O-O 21.
Qc6 Qxc6 22. Rxc6 Rfc8 23. Rfc1 Nb6 24. Kf1 Kf8 25. R1c5 Rxc6 26. Rxc6 Nd5 27.
a3 Ke8 28. Nd2 Ne7 29. Rb6 Nf5 30. Ne4 Nxd4 31. Nd6+ Kf8 32. Rb7 Nb5 33. Rxf7+
Kg8 34. Re7 Nxd6 35. exd6 Rd8 36. d7 Kf8 37. Rxe6 Rxd7 38. Rxa6 Ke7 39. Ke2 Rb7
40. h4 Rb2+ 41. Kf3 Rb3+ 42. Kg4 Rb2 43. Kg3 Kf7 44. f3 h5 45. Kh3 Rb1 46. a4
Rh1+ 47. Kg3 Ra1 48. Kf4 Ra2 49. g4 Rh2 50. Kg5 hxg4 51. Ra7+ Kf8 52. fxg4 Rg2
53. a5 Kg8 54. a6 1-0

[Event "Int. Stuttgarter Stadtmeisterschaft B"]
[Site "Ditzingen"]
[Date "2014.05.30"]
[Round "5.25"]
[White "Steinmassl, Guido"]
[Black "Tölg, Wolfgang"]
[Result "1/2-1/2"]
[WhiteElo "1617"]
[BlackElo "1772"]
[PlyCount "66"]
[EventDate "2014.??.??"]
[WhiteTeam "SK e4 Gerlingen"]
[BlackTeam "SF Oeffingen e.V."]

1. d4 f5 2. Nf3 d5 3. c4 e6 4. Nc3 c6 5. e3 Nf6 6. c5 b6 7. b4 a5 8. Na4 Nbd7
9. b5 cxb5 10. Bxb5 bxc5 11. dxc5 Qc7 12. Bb2 Be7 13. Be5 Qa7 14. Nb6 Bxc5 15.
Nxa8 Bb4+ 16. Kf1 Qxa8 17. Rc1 O-O 18. Bc3 Ba3 19. Rc2 Ne4 20. g3 Ndf6 21. Qd3
Nxc3 22. Rxc3 Bb4 23. Rc6 Bd7 24. Ra6 Qb7 25. Bxd7 Qxd7 26. Ne5 Qe7 27. Nc6 Qd7
28. Nxa5 Ne4 29. Nb3 Rc8 30. Kg2 Kf7 31. Rc1 Rxc1 32. Nxc1 Nc5 33. Qe2 Nxa6
1/2-1/2

[Event "Int. Stuttgarter Stadtmeisterschaft B"]
[Site "Ditzingen"]
[Date "2014.05.30"]
[Round "5.26"]
[White "Zimmermann, Tobias"]
[Black "Gorb, Eugeniusz"]
[Result "0-1"]
[WhiteElo "1768"]
[BlackElo "1657"]
[PlyCount "98"]
[EventDate "2014.??.??"]
[WhiteTeam "SC Schachmatt Botnang"]
[BlackTeam "SK Sachsenheim"]

1. e4 e6 2. d4 d5 3. Nd2 c5 4. exd5 exd5 5. Ngf3 Nf6 6. Bb5+ Bd7 7. Qe2+ Qe7 8.
O-O Qxe2 9. Bxe2 c4 10. Re1 Be6 11. Ng5 h6 12. Nxe6 fxe6 13. Nf3 Bd6 14. Bd2
O-O 15. Bf1 Ne4 16. Rad1 Nd7 17. c3 Rf6 18. Bc1 b5 19. a3 Raf8 20. Be3 Nb6 21.
Re2 Na4 22. Rc2 Nb6 23. Ne5 Bxe5 24. dxe5 Rf5 25. f3 Ng5 26. Bd4 Nc8 27. Rf2 a6
28. Re1 h5 29. h4 Nf7 30. g3 Nd8 31. Bh3 R5f7 32. Ref1 Re8 33. f4 g6 34. g4 Nc6
35. gxh5 gxh5 36. f5 Nxd4 37. cxd4 Rg7+ 38. Rg2 Rxg2+ 39. Kxg2 Rf8 40. f6 Kf7
41. Kf2 Rg8 42. b3 Nb6 43. Rc1 a5 44. Ra1 cxb3 45. Bf1 Nc4 46. Rb1 a4 47. Be2
Nxa3 48. Bxh5+ Kf8 49. Re1 Nc4 0-1

[Event "Int. Stuttgarter Stadtmeisterschaft B"]
[Site "Ditzingen"]
[Date "2014.05.30"]
[Round "5.27"]
[White "Mayer, Dietmar"]
[Black "Schwarz, Manuel"]
[Result "0-1"]
[WhiteElo "1758"]
[BlackElo "1537"]
[PlyCount "58"]
[EventDate "2014.??.??"]
[WhiteTeam "SC Böblingen 1975 e.V."]
[BlackTeam "SVG Vaihingen/Enz"]

1. d4 Nf6 2. Nf3 e6 3. Bf4 b6 4. e3 Bb7 5. Nbd2 Nc6 6. a3 Bd6 7. Ne5 O-O 8. Bd3
Nd5 9. Bg3 f5 10. e4 fxe4 11. Nxe4 Nxd4 12. Nxd6 cxd6 13. Nc4 Nf5 14. Nxd6 Nxd6
15. Bxd6 Rf7 16. O-O Nf4 17. f3 Qf6 18. Be4 Bc6 19. Qd2 e5 20. Rae1 Re8 21. Bb4
d5 22. Bd3 a5 23. Bc3 d4 24. Bxa5 bxa5 25. Qxa5 Qg5 26. g3 Nxd3 27. cxd3 Bxf3
28. Rxe5 Qxe5 29. Qa4 Qe3+ 0-1

[Event "Int. Stuttgarter Stadtmeisterschaft B"]
[Site "Ditzingen"]
[Date "2014.05.30"]
[Round "5.28"]
[White "Bausch, Raimund"]
[Black "Fischer, Reinhardt"]
[Result "0-1"]
[WhiteElo "1608"]
[BlackElo "1756"]
[PlyCount "90"]
[EventDate "2014.??.??"]
[WhiteTeam "Stuttgarter SF 1879"]
[BlackTeam "SK 1912 Ludwigshafen"]

1. c4 Nf6 2. Nc3 d6 3. g3 g6 4. Bg2 Bg7 5. Nf3 O-O 6. O-O a6 7. d4 Nc6 8. Rb1
Bf5 9. Ra1 Qc8 10. d5 Na5 11. Nd2 b5 12. cxb5 axb5 13. Nxb5 Qb8 14. a4 Bd7 15.
Nd4 Ra6 16. e3 c5 17. dxc6 Nxc6 18. Nxc6 Bxc6 19. Ra3 Bxg2 20. Kxg2 Nd5 21. Nc4
Qa8 22. Kg1 Rc8 23. b3 Nc3 24. Qd3 Qf3 25. Re1 Ne4 26. Qe2 Qxe2 27. Rxe2 Nc3
28. Re1 d5 29. Nd2 Ne2+ 30. Rxe2 Rxc1+ 31. Kg2 Rc2 32. Kf3 Bc3 33. Nb1 Rf6+ 34.
Kg4 Rxe2 35. Nxc3 Rexf2 36. Nxd5 Re6 37. a5 Re5 38. Nb6 Rh5 39. h4 f5+ 40. Kh3
g5 41. g4 Rxh4+ 42. Kg3 Rhh2 43. gxf5 h5 44. Ra4 Rhg2+ 45. Kh3 h4 0-1

[Event "Int. Stuttgarter Stadtmeisterschaft B"]
[Site "Ditzingen"]
[Date "2014.05.30"]
[Round "5.30"]
[White "Dallinger, Moritz"]
[Black "Hornung, Richard"]
[Result "0-1"]
[WhiteElo "1544"]
[BlackElo "1734"]
[PlyCount "50"]
[EventDate "2014.??.??"]
[WhiteTeam "SV Stuttgart-Wolfbusch 1956 e.V."]
[BlackTeam "SG Schwabing München Nord e.V."]

1. e4 c6 2. d4 d5 3. Nc3 e6 4. Nf3 Bb4 5. Bd3 dxe4 6. Bxe4 Nf6 7. Bg5 Bxc3+ 8.
bxc3 Qa5 9. Bxf6 Qxc3+ 10. Ke2 gxf6 11. Qd3 Qxd3+ 12. Bxd3 b6 13. Rhe1 Ba6 14.
c4 Nd7 15. Kd2 O-O 16. a4 Rfe8 17. a5 b5 18. cxb5 Bxb5 19. Bxb5 cxb5 20. a6 Nb6
21. Kd3 Nd5 22. g3 Rec8 23. Rec1 Rxc1 24. Rxc1 Nb4+ 25. Kc3 Rc8+ 0-1